Statistics for Cities with the Most Metro Rail Stations

Click here to take the quiz!

General Stats

  • This quiz has been taken 82,770 times
    (29,707 since last reset)
  • The average score is 25 of 48

Answer Stats

Opened#City% Correct
1904424New York City
98%
1890272London
96%
1900308Paris
94%
1927295Tokyo area
92%
1971366Beijing
88%
1902175Berlin
88%
1935203Moscow
85%
1919242Madrid
84%
1993660Shanghai area
82%
1897145Chicago
73%
1924166Barcelona
71%
2002230Delhi
71%
1933161Osaka area
71%
1974460Seoul area
70%
197998Hong Kong
68%
1969163Mexico City
67%
1997646Guangzhou area
65%
1964106Milan
61%
197196Munich
60%
1989107Istanbul
58%
197491São Paulo
56%
1987127Singapore
55%
197691Washington, D.C.
55%
1950100Stockholm
54%
191390Buenos Aires
53%
197698Vienna
49%
1966101Oslo
48%
2004247Wuhan
48%
1996119Taipei
45%
190893Hamburg
44%
2011164Xi'an
42%
1996104Kuala Lumpur
39%
2000145Tehran
37%
1975136Santiago
35%
1984164Tianjin
32%
2010285Chengdu
31%
1985135Busan
29%
2005225Chongqing
29%
2005175Nanjing
27%
2012231Hangzhou
19%
2015138Qingdao
15%
201091Shenyang
13%
2014100Changsha
12%
2013129Zhengzhou
11%
2016122Hefei
10%
201694Nanning
8%
2014114Ningbo
7%
2015103Nanchang
4%

Score Distribution

Percentile by Number Answered

Percent of People with Each Score

Your Score History

You have not taken this quiz since the last reset